000 02028nam a22002897a 4500
001 264
003 OSt
005 20250225100454.0
008 250225b |||||||g |||| 00| 0 eng d
020 _a9786550791377
040 _bpor
041 _hpor
082 _a981.51
_bA168i
100 _aAcademia Ibiaense de Letras
_9487
245 _aIbiá
_bCrônicas e poesias contadas /
_cAcademia Ibiaense de Letras ; Ilustração de Paulo Sheid
260 _aBelo Horizonte
_bPáginas
_c2022
300 _a214 p.
_bil.
520 _aEste é um livro escrito por muitas mãos! Ditadas pelo coração, que pulsa caloroso, Buscando na memória, aspectos desta terra, Abençoada e feliz, solo fértil, dadivoso... Muitos aqui viveram, trabalharam e lutaram, Dando sua parcela de contribuição, Para que hoje nossos filhos, Aqui recebam educação, saúde e lazer! Sejam cidadãos preparados, Ciosos de seus deveres, Respeitando o meio ambiente, Buscando o Progresso, Com responsabilidade! Ibiá tem solo rico, Colheita abundante, Muito trabalho para seus filhos, E para irmãos de outras terras... Muita água de boa qualidade, Meios de transporte, boas estradas, Cidade com infraestrutura adequada! Muito ainda precisa ser feito... Não podemos estacionar. O mundo requer novos caminhos, Busca incessante de Progresso! Ibiá significa "Cabeceiras Altas”. A Academia Ibiaense de Letras presta nesta obra, uma pequena contribuição ao desenvolvimento de Ibiá, à preservação de sua memória e cultura. Agradecemos o Incentivo da Secretaria Municipal de Cultura, que encaminhou este Projeto para obtermos o investimento da Lei Federal Aldir Blanc! Agradecemos também aos Confrades e Confreiras da Academia Ibiaense de Letras que redigiram este Livro.
650 0 _aLiteratura Brasileira
_9205
650 0 _aEscritores Ibiaenses
_9480
650 0 _aCausos
_9481
650 0 _aHistória
_9116
655 0 _aCrônicas
_9489
655 0 _aPoesia
_9490
700 _aPaulo Sheid
_eIlustração
_9491
942 _2ddc
_n0
_cBK
999 _c264
_d264